The Pussycat Dolls - Entire Discography - Statistics

General Stats
  • This quiz has been taken 10 times
  • The average score is 25 of 43
Answer Stats
PCD (Album) Answer % Correct
2. Beep
100%
9. Bite The Dust
100%
2. Bottle Pop
100%
5. Buttons
100%
7. (2026) Club Song
100%
1. Don't Cha
100%
8. How Many Times, How Many Lies
100%
12. Hush Hush
100%
2. (2009) Hush Hush; Hush Hush / I Will Survive Medley
100%
6. I Don't Need A Man
100%
4. I Hate This Part
100%
3. (2009) Jai Ho! (You Are My Destiny)
100%
6. (2020) React
100%
4. Stickwitu
100%
13. Sway
100%
11. Tainted Love / Where Did Our Love Go
100%
3. Wait a Minute
100%
1. When I Grow Up
100%
18. (Deluxe Version) Don't Wanna Fall In Love (Kimberly Wyatt)
50%
12. Feelin' Good
50%
14. Flirt
50%
7. Hot Stuff (I Want You Back)
50%
16. (Deluxe Version) If I Was A Man (Jessica Sutta)
50%
21. Only in Doll Domination - The Mini Collection Painted Windows
50%
19. (Deluxe Version) Played (Ashley Roberts)
50%
1. Only in the Stickwitu Single (2005) Santa Baby
50%
17. (Deluxe Version) Space (Melody Thornton)
50%
5. (2009) Top Of The World
50%
20. (Deluxe Version) Until U Love U (Nicole Scherzinger)
50%
14. Whatchamacallit
50%
3. Whatcha Think About That
50%
11. Elevator
0%
9. Halo
0%
7. Happily Never After
0%
15. I'm Done
0%
10. In Person
0%
4. (2009) Lights, Camera, Action
0%
13. Love The Way You Love Me
0%
8. Magic
0%
10. Right Now
0%
5. Takin' Over The World
0%
15. (PCD Expanded Edition) We Went As Far As We Felt Like Going
0%
6. Who's Gonna Love You
0%
No matching quizzes found
Score Distribution
Percent of People with Each Score
Percentile by Number Answered
Your Score History
You have not taken this quiz